Maya Hawke - Backup Plan (Lyrics) - Statistics

General Stats
  • This quiz has been taken 11 times
  • The average score is 127 of 164
Answer Stats
Answer % Correct
a
100%
be
100%
for
100%
I
100%
not
100%
you
100%
Your
100%
your
100%
Anything
88%
anything
88%
backup
88%
drawer
88%
in
88%
junk
88%
looking
88%
lost
88%
might
88%
plan,
88%
socks
88%
that
88%
that's
88%
wanna
88%
best
75%
charger,
75%
man
75%
me
75%
of
75%
summer
75%
you've
75%
all
63%
and
63%
bed
63%
behind
63%
bike
63%
door
63%
dress
63%
eyesore
63%
Go
63%
guitar
63%
hair
63%
Have
63%
it
63%
I've
63%
lock
63%
out
63%
pencils,
63%
secret
63%
storage
63%
The
63%
the
63%
too
63%
about
50%
away,
50%
been
50%
coat
50%
dark
50%
don't
50%
eyelash
50%
far,
50%
fire,
50%
first
50%
forest
50%
get
50%
it's
50%
kicked
50%
kitty
50%
live
50%
long
50%
planted
50%
shame,
50%
tell
50%
thought
50%
time
50%
winter
50%
without
50%
affair,
38%
change,
38%
favorite
38%
game,
38%
Light
38%
lurking
38%
pocket
38%
cash
25%
dirtbag,
25%
dream
25%
small
25%
torrid
25%
No matching quizzes found
Score Distribution
Percent of People with Each Score
Percentile by Number Answered
Your Score History
You have not taken this quiz